The man who lost red /

Bibliographic Details
Main Author: Dowling, Terry
Format: Book
Language:English
Published: Parramatta, N.S.W. : MirrorDanse Books, 1994.
Subjects:

MARC

Tag First Indicator Second Indicator Subfields
LEADER 00000cam a2200000 a 4500
001 in00001237783
005 20151003071915.0
008 941020s1994 at a b 000 1 eng d
020 |a 0646214918 (pbk.) :  |c $10.95 
035 |a (OCoLC)38353918 
035 |9 AGT5412AM 
037 |b Available from W.D. Congreve, PO Box 3542, Parramatta NSW 2124 
040 |a AUT  |c AUT  |d TXA  |d UtOrBLW 
043 |a u-at--- 
049 |a TXAM 
082 0 0 |a A823.3  |2 20 
090 |a PR9619.3.D674  |b M36 1994 
100 1 |a Dowling, Terry. 
245 1 4 |a The man who lost red /  |c Terry Dowling ; illustrated by Shaun Tan ; foreword by Nick Stathopoulos. 
264 1 |a Parramatta, N.S.W. :  |b MirrorDanse Books,  |c 1994. 
300 |a 111 pages :  |b illustrations ;  |c 20 cm. 
336 |a text  |b txt  |2 rdacontent 
337 |a unmediated  |b n  |2 rdamedia 
338 |a volume  |b nc  |2 rdacarrier 
504 |a Includes bibliographical references (pages [107]-111). 
505 0 |a The man who lost red -- Scaring the train. 
650 0 |a Science fiction, Australian. 
700 1 |a Dowling, Terry.  |t Scaring the train. 
948 |a c:jls 
999 |a MARS 
999 f f |s d9d406e3-5dc8-3b08-8e5f-62db81a59b7c  |i 100f4793-1f5d-382a-92d6-a50073239759  |t 0 
952 f f |p ric  |a Texas A&M University  |b Rellis Campus  |c Joint Library Facility  |d Remote Storage  |t 0  |e PR9619.3.D674 M36 1994  |h Library of Congress classification  |i unmediated -- volume  |m A14822157888 
998 f f |a PR9619.3.D674 M36 1994  |t 0  |l Remote Storage